Li Jie CHINDIA = Making sense of Chindia (Record no. 1101299)

MARC details
000 -LEADER
fixed length control field 00843nam a2200265Ia 4500
003 - CONTROL NUMBER IDENTIFIER
control field OSt
005 - DATE AND TIME OF LATEST TRANSACTION
control field 20221006153738.0
008 - FIXED-LENGTH DATA ELEMENTS--GENERAL INFORMATION
fixed length control field 221006b |||||||| |||| 00| 0 chi d
020 ## - INTERNATIONAL STANDARD BOOK NUMBER
International Standard Book Number 9787227032816
037 ## - SOURCE OF ACQUISITION
Terms of availability Annuals, Advances
040 ## - CATALOGING SOURCE
Original cataloging agency EASL
Transcribing agency EASL
Language of cataloging chi
041 ## - LANGUAGE CODE
Source of code chi
Language code of text/sound track or separate title chi
100 ## - MAIN ENTRY--PERSONAL NAME
Personal name JIE LUN (Jairam Ramesh) Lan Mishi
9 (RLIN) 665233
245 #0 - TITLE STATEMENT
Title Li Jie CHINDIA = Making sense of Chindia
Remainder of title Reflections on China and India
260 ## - PUBLICATION, DISTRIBUTION, ETC.
Place of publication, distribution, etc. Ning
Name of publisher, distributor, etc. Xia Ning Xia Ren min chu ban
Date of publication, distribution, etc. 2006
300 ## - PHYSICAL DESCRIPTION
Extent 180p.
Dimensions cm.
490 ## - SERIES STATEMENT
Volume/sequential designation CL
650 ## - SUBJECT ADDED ENTRY--TOPICAL TERM
Topical term or geographic name entry element CL
9 (RLIN) 642733
942 ## - ADDED ENTRY ELEMENTS (KOHA)
Classification part V41:192.P05, P6
Koha item type Reference
Source of classification or shelving scheme Colon Classification (CC)
Holdings
Withdrawn status Lost status Source of classification or shelving scheme Damaged status Not for loan Home library Current library Date acquired Source of acquisition Serial Enumeration / chronology Total Checkouts Full call number Barcode Date last seen Price effective from Koha item type
    Colon Classification (CC)     Department of East Asian Studies Library Department of East Asian Studies Library 2022-10-06 gift, Ravni Thakur CL   V41:192.P05 P6 EA1393904 2022-10-06 2022-10-06 Reference
Copyright @ Delhi University Library System